00467nam a2200133Ia 4500008004100000082002000041100003700061245006600098260002200164300001100186440004700197650005200244651003700296120622s9999 xx 000 0 und d a086.1 P832m v.3 aAcevedo Escobedo, Antonio, 1909- aLa ciudad de México en la novela / Antonio Acevedo Escobedo aMéxico : D.D.F. a114 p. aColección popular Ciudad de México ; 3 a1. NOVELA - MEXICO (CIUDAD) - ASPECTOS SOCIALES a1. MEXICO (CIUDAD) - HISTORIAÌ